Szczegóły MARC21

Kobieta w oczach kobiet : kobiece (auto)narracje w perspektywie transkulturowej /

003 -Nazwa inst., której nr kontr. jest w polu 001 [,]
    • @
    • Nazwa instytucji, której n kontrolny jest w polu 001
    • NUKAT
005 -DATA I CZAS OSTATNIEJ MODYFIKACJI [,]
    • @
    • pole kontrolne
    • 20250701121555.0
020 -Międzynarod. znormalizowany nr książki - ISBN [ , ]
    • a
    • Numer ISBN
    • 9788323541820 Find
    • q
    • Dopowiedzenie
    • druk
020 -Międzynarod. znormalizowany nr książki - ISBN [ , ]
    • a
    • Numer ISBN
    • 9788323541981 Find
    • q
    • Dopowiedzenie
    • e-pub
020 -Międzynarod. znormalizowany nr książki - ISBN [ , ]
    • a
    • Numer ISBN
    • 9788323541905 Find
    • q
    • Dopowiedzenie
    • pdf online
020 -Międzynarod. znormalizowany nr książki - ISBN [ , ]
    • a
    • Numer ISBN
    • 9788323540076 Find
    • q
    • Dopowiedzenie
    • mobi
040 -Instytucja sporządzająca opis [ , ]
    • a
    • Instytucja, która sporządziła opis (NP)
    • WA 510/ADD
    • b
    • Język katalogowania
    • pol
    • e
    • Zasady katalogowania
    • rda
    • c
    • Instytucja, która sporządziła rekord (NP)
    • WA 510/ADD
    • d
    • Instytucja, która zmodyfikowała rekord (P)
    • WA 510/ADD
    • d
    • Instytucja, która zmodyfikowała rekord (P)
    • WR U/JH
    • d
    • Instytucja, która zmodyfikowała rekord (P)
    • WR U/JHs
    • d
    • Instytucja, która zmodyfikowała rekord (P)
    • SZCZ U/JS
041 -Język dokumentu [0, ]
    • a
    • Język tekstu (P)
    • angielski
    • a
    • Język tekstu (P)
    • polski
    • b
    • Język streszczeń lub abstraktu (P)
    • angielski
942 -Rodzaj dokumentu [ , ]
    • c
    • Rodzaj dokumentu
    • Książka
245 -Strefa tytułu i oznaczenia odpowiedzialności [0,0]
    • a
    • Tytuł
    • Kobieta w oczach kobiet : Find
    • b
    • Ciąg dalszy tytułu (NP)
    • kobiece (auto)narracje w perspektywie transkulturowej / Find
    • c
    • Pozostałe elementy strefy tytułu i oznaczenia odpowiedzialności (NP)
    • redakcja naukowa Joanna Frużyńska.
250 -Strefa wydania [ , ]
    • a
    • Oznaczenie wydania (NP)
    • Wydanie 1.
260 -Strefa adresu wydawniczego [ , ]
    • a
    • Miejsce wydania (P)
    • Warszawa :
    • b
    • Nazwa wydawcy (P)
    • Wydawnictwa Uniwersytetu Warszawskiego,
    • c
    • Data wydania (P)
    • 2019.
300 -Strefa opisu fizycznego [ , ]
    • a
    • Określenie formy książki i/lub objętość (NP)
    • 417 stron ;
    • c
    • Format (NP)
    • 24 cm.
336 -Typ zawartości [ , ]
    • a
    • Termin opisujący typ zawartości
    • Tekst
    • b
    • Kod określający zawartość
    • txt
    • 2
    • Źródło (terminu i kodu)
    • rdacontent
337 -Typ mediów [ , ]
    • a
    • Tryb odtwarzania
    • Bez urządzenia pośredniczącego
    • b
    • Kod typu mediów
    • n
    • 2
    • Źródło (terminu i kodu)
    • rdamedia
338 -Typ/rodzaj nośnika [ , ]
    • a
    • Hasło opisujące typ nośnika
    • Wolumin
    • b
    • Kod typu nośnika
    • nc
    • 2
    • Źródło (terminu i kodu)
    • rdacarrier
504 -Uwaga dot. bibliogr. załącznikowej [ , ]
    • a
    • Uwaga dot. bibliografii załącznikowej
    • Bibliografia przy artykułach. Indeks.
536 -Uwaga dot. finansowania książki [ , ]
    • a
    • Tekst uwagi
    • Publikacja finansowana przez Uniwersytet Warszawski. Publikacja finansowana przez Wydział Polonistyki Uniwersytetu Warszawskiego
546 -Uwaga dot. języka [ , ]
    • a
    • Uwaga dot. języka
    • Streszczenia, słowa kluczowe i pięć artykułów w języku angielskim.
650 -Hasło przedmiotowe [ ,7]
    • a
    • Hasło przedmiotowe
    • Kobiety
    • x
    • Określnik rzeczowy
    • w literaturze.
    • 2
    • Źródło terminu
    • kaba
    • 9
    • KHW
    • 114569
650 -Hasło przedmiotowe [ ,7]
    • a
    • Hasło przedmiotowe
    • Literatura
    • x
    • Określnik rzeczowy
    • aspekt psychologiczny.
    • 2
    • Źródło terminu
    • kaba
    • 9
    • KHW
    • 117051
650 -Hasło przedmiotowe [ ,7]
    • a
    • Hasło przedmiotowe
    • Literatura
    • x
    • Określnik rzeczowy
    • historia i krytyka
    • y
    • Określnik chronologiczny
    • 20 w.
    • 2
    • Źródło terminu
    • kaba
    • 9
    • KHW
    • 535825
650 -Hasło przedmiotowe [ ,7]
    • a
    • Hasło przedmiotowe
    • Literatura
    • x
    • Określnik rzeczowy
    • historia i krytyka
    • y
    • Określnik chronologiczny
    • 1990-.
    • 2
    • Źródło terminu
    • kaba
    • 9
    • KHW
    • 512930
655 -Hasło w funkcji tematu formalnego [ ,7]
    • a
    • Hasło
    • Literatura
    • v
    • Określnik formy
    • pisarki.
    • 2
    • Źródło terminu
    • kaba
    • 9
    • KHW
    • 117064
700 -Hasło dodatkowe - nazwa osobowa [1, ]
    • a
    • Nazwa osobowa (NP)
    • Frużyńska, Joanna. Find
    • e
    • Określenie rodzaju współpracy
    • Redakcja
    • 9
    • KHW
    • 535572
710 -Hasło dodatkowe - nazwa ciała zbiorowego [2, ]
    • a
    • Nazwa ciała zbiorowego lub nazwa geograficzna jako pierwszy element (NP)
    • Wydawnictwa Uniwersytetu Warszawskiego.
    • e
    • Rodzaj współpracy
    • Wydawca
    • 4
    • Kod relacji
    • pbl
    • 9
    • KHW
    • 50781
920 -ISBN [ , ]
    • a
    • ISBN
    • 978-83-235-4182-0 Find
    • q
    • Dopowiedzenie
    • druk
920 -ISBN [ , ]
    • a
    • ISBN
    • 978-83-235-4198-1 Find
    • q
    • Dopowiedzenie
    • e-pub
920 -ISBN [ , ]
    • a
    • ISBN
    • 978-83-235-4190-5 Find
    • q
    • Dopowiedzenie
    • pdf online
920 -ISBN [ , ]
    • a
    • ISBN
    • 978-83-235-4007-6 Find
    • q
    • Dopowiedzenie
    • mobi
Sygnatura Lokalizacja Data inwentaryzacji Numer inwentarzowy Status udost.
POL. Krytyka feministyczna 19BM2023-05-15P.304541
 BNS2020-05-11H.340871
 BNS2020-05-11H.34088-3